Tétek és ellentétek

Elmentve itt :
Bibliográfiai részletek
Szerző: EGYED Péter
Adatforrás:Meister
Forrásdokumentuma:Helikon. -
14 sz., 1999, 1-3 p.
Nyelv:magyar
Kulcsszavak:politikai publicisztika
politikai analízis
politikai intézmények
könyvkiadók
RMDSZ-kongresszus
RMDSZ-struktúra
RMDSZ-politika
magyar-román kapcsolatok
RMDSZ-platformok
Románia
DOMOKOS Géza
ILIESCU Ion
COPOSU Corneliu
RMDSZ-Romániai Magyar Demokrata Szövetség
Kriterion Könyvkiadó
LEADER 00811nab a2200289 i 4500
001 bibPRO00009826
008 060524s1999 xx hun
040 |a Sz1 
041 |a hun 
100 1 |a EGYED Péter 
245 1 0 |a Tétek és ellentétek  |c EGYED Péter 
695 |a politikai publicisztika 
695 |a politikai analízis 
695 |a politikai intézmények 
695 |a könyvkiadók 
695 |a RMDSZ-kongresszus 
695 |a RMDSZ-struktúra 
695 |a RMDSZ-politika 
695 |a magyar-román kapcsolatok 
695 |a RMDSZ-platformok 
695 |a Románia 
695 |a DOMOKOS Géza 
695 |a ILIESCU Ion 
695 |a COPOSU Corneliu 
695 |a RMDSZ-Romániai Magyar Demokrata Szövetség 
695 |a Kriterion Könyvkiadó 
773 0 |t Helikon. -  |g 14 sz., 1999, 1-3 p.